000 00304nam a2200109Ia 4500
008 200302s9999 xx 000 0 und d
100 _aJim Antoniou, Ariba, Mrtpi
245 _aEnvironmental Management Planning for Traffic
260 _bTata Mcgraw-Hill Publishing Co.
260 _c1971
300 _a171 P.,
999 _c5635
_d5635